000 00401nam a22001697a 4500
005 20160630160247.0
008 160630b xxu||||| |||| 00| 0 eng d
020 _a978-81-7409-279-3
041 _aeng
082 _b20099
100 _aBimbhra Dr PS
_93330
245 _aPower Electronic
260 _bKhanna Publication
_c2014
300 _a894
650 _aDiploma Engineering
_9817
942 _cBK
999 _c4975
_d4973